DPH - daňový doklad
Povinnosť platiteľa dane vyhotoviť daňový doklad. Obligatórne údaje daňového dokladu. Zjednodušený daňový doklad. Uvádzanie niektorých údajov v daňovom doklade.
Na minha lista:
| Autor principal: | |
|---|---|
| Formato: | Capítulo de Livro |
| Idioma: | eslovaco |
| Assuntos: | |
| Tags: |
Sem tags, seja o primeiro a adicionar uma tag!
|
MARC
| LEADER | 00000naa a2200000 4500 | ||
|---|---|---|---|
| 001 | r035864 | ||
| 005 | 20230926081659.7 | ||
| 041 | 0 | |a slo | |
| 044 | |a SK | ||
| 245 | 1 | 0 | |a DPH - daňový doklad |c Alena Zuziková |
| 520 | |a Povinnosť platiteľa dane vyhotoviť daňový doklad. Obligatórne údaje daňového dokladu. Zjednodušený daňový doklad. Uvádzanie niektorých údajov v daňovom doklade. | ||
| 610 | 2 | 0 | |a doklady daňové |
| 610 | 2 | 0 | |a dane z hodnoty pridanej |
| 610 | 2 | 0 | |a daňovníci |
| 610 | 2 | 0 | |a administratíva |
| 100 | 1 | |a Zuziková, Alena | |